Statistiques concernant Candidat en tête dans chaque région à la présidentielle française 2022

Cliquez ici pour prendre le quiz!

Statistiques générales

  • Ce quiz a été pris 106 fois
  • Le résultat moyen est 23 sur 24

Statistiques - réponses

RégionCandiat% Correct
Auvergne Rhône AlpesEmmanuel Macron
100%
BretagneEmmanuel Macron
99%
Centre Val de LoireEmmanuel Macron
99%
CorseMarine Le Pen
99%
Grand EstMarine Le Pen
99%
Hauts de FranceMarine Le Pen
99%
Bourgogne Franche ComtéMarine Le Pen
99%
Pays de La LoireEmmanuel Macron
98%
NormandieEmmanuel Macron
98%
Provence Alpes Côte d'AzurMarine Le Pen
98%
OccitanieMarine Le Pen
98%
Nouvelle AquitaineEmmanuel Macron
97%
Île de FranceJean-Luc Mélenchon
95%
GuadeloupeJean-Luc Mélenchon
95%
MayotteMarine Le Pen
95%
GuyaneJean-Luc Mélenchon
94%
Wallis et FutunaEmmanuel Macron
93%
MartiniqueJean-Luc Mélenchon
93%
RéunionJean-Luc Mélenchon
92%
Saint Pierre et MiquelonJean-Luc Mélenchon
92%
Polynésie FrançaiseEmmanuel Macron
91%
Nouvelle CalédonieEmmanuel Macron
91%
Saint Martin et Saint BarthélémyJean-Luc Mélenchon
91%
Français de l'étrangerEmmanuel Macron
90%

Distribution des résultats

Percentile par nombre de réponses

% des personnes avec chaque résultat

Votre développement - résultats

Vous n’avez pas pris ce quiz